000 00664naa a2200217 i 4500
001 40070
003 ES-MaBCM
005 20241016104251.0
008 960325s1996 esp 000 0 spa d
021 _axx
035 _a(OCoLC)1365175161
040 _cES-MaBCM
041 0 _aspa
043 _aesp
100 1 _aAlonso Carrillo, Inmaculada
_91066
245 1 0 _aDiferentes regímenes de declaración para los grupos de sociedades
_cInmaculada Alonso Carrillo
650 2 7 _aGrupo de empresas
_958835
651 2 4 _aEspaña
_9115342
773 0 _aEn:
_tActualidad financiera
_dMadrid : 1996
_w104738
_gaño I, n. 3, feb., p. 277-282. - Loc. S.225
942 _cAREV
999 _c40070
_d40070